Catálogo

Vista normal Vista MARC

Entrada Personal Name

Número de registros utilizados en: 3

001 - CONTROL NUMBER

  • control field: 12073

003 - CONTROL NUMBER IDENTIFIER

  • control field: DLC

005 - DATE AND TIME OF LATEST TRANSACTION

  • control field: 20220210094342.0

008 - FIXED-LENGTH DATA ELEMENTS

  • fixed length control field: 860521n| acannaabn |n aaa

010 ## - LIBRARY OF CONGRESS CONTROL NUMBER

  • LC control number: n 86828833

035 ## - SYSTEM CONTROL NUMBER

  • System control number: (OCoLC)oca01587770

040 ## - CATALOGING SOURCE

  • Original cataloging agency: DLC
  • Language of cataloging: spa
  • Transcribing agency: Mx-PuUPA
  • Modifying agency: NjP
  • Modifying agency: Uk
  • Modifying agency: Nz
  • Modifying agency: Mx-PuUPA
  • Description conventions: rda

100 1# - HEADING--PERSONAL NAME

  • Personal name: Littlewood, Michael,

374 ## - OCCUPATION

  • Occupation: Autor

375 ## - GENDER

  • Gender: hombre

377 ## - ASSOCIATED LANGUAGE

  • Language code: eng

670 ## - SOURCE DATA FOUND

  • Source citation: nuc86-46545: His Landscape detailing, c1984
  • Information found: (hdg. on MnU rept.: Littlewood, Michael; usage: Michael Littlewood)

670 ## - SOURCE DATA FOUND

  • Source citation: Landscape detailing, 1984:
  • Information found: t.p. (Michael Littlewood)